| 000 | 01023nam a2200325 a 4500 | ||
|---|---|---|---|
| 003 | AR-BaBNM | ||
| 005 | 20251128210353.0 | ||
| 008 | 082120s2002 ||||||||||||||000 | spa|| | ||
| 020 | _a987-9336-34-8 | ||
| 040 | _cAR-BaBNM | ||
| 245 | 0 | 0 |
_aJuan F. Cafferata _buna vocación reformadora |
| 260 |
_aBuenos Aires _bCírculo de Legisladores de la Nación Argentina _c1999 |
||
| 300 | _a95 p. | ||
| 490 | 0 |
_aVidas, ideas y obras de los legisladores argentinos _vv. 44 |
|
| 500 | _aContiene textos parlamentarios de Juan F. Cafferata | ||
| 504 | _aBibliografía p. 26 | ||
| 600 | 1 | 4 | _aCafferata, Juan F. |
| 650 | 4 | _aHISTORIA ARGENTINA | |
| 650 | 4 | _aBIOGRAFIAS | |
| 650 | 4 | _aHISTORIA POLITICA ARGENTINA | |
| 650 | 4 | _aLEGISLACION ARGENTINA | |
| 650 | 4 | _aSIGLO VEINTE | |
| 650 | 4 | _aPARTIDOS POLITICOS ARGENTINOS | |
| 650 | 4 | _aHISTORIA DE LA EDUCACION | |
| 655 | _aBIOGRAFIAS | ||
| 700 | 1 |
_aPacheco, Agustín _eprologuista |
|
| 800 | 1 |
_aMárquez, Alfonso Carlos _edirector |
|
| 942 | _cBK | ||
| 998 | _cMariana | ||
| 999 |
_c15186 _d15186 |
||